000 00786cam a2200217 4500
001 WB3611-05
008 000000n2000 000 0 eng u
035 _a(Sirsi) u104828
245 _aFully corporate Knight Frank nears
260 _c2000
490 _aEstates Gazette
_v (0010) 11 March 2000, 41
490 _aProperty Week
_v 65(10) 10 March 2000, 2(1)
520 _aProperty firm Knight Frank is planning to merge with US real estate consultant Grubb & Ellis. The firm aims to offer the same standard of service on both sides of the Atlantic and this deal would ensure this.
590 _aWB
650 _aKNIGHT FRANK
650 _aGRUBB & ELLIS
650 _aUNITED STATES
650 _aMERGER NEGOTIATIONS
690 _aMANAGEMENT-BUSINESS MANAGEMENT
942 _n0
999 _c62883
_d62883